रंगकर्म और मीडिया (Record no. 1679166)

MARC details
000 -LEADER
fixed length control field 01022nam a22002417a 4500
005 - DATE AND TIME OF LATEST TRANSACTION
control field 20260210170556.0
008 - FIXED-LENGTH DATA ELEMENTS--GENERAL INFORMATION
fixed length control field 260210b |||||||| |||| 00| 0 eng d
020 ## - INTERNATIONAL STANDARD BOOK NUMBER
International Standard Book Number 9788179652558 (hbk)
037 ## - SOURCE OF ACQUISITION
Terms of availability TB
040 ## - CATALOGING SOURCE
Original cataloging agency CRL
Transcribing agency CRL
041 ## - LANGUAGE CODE
Source of code hin
Language code of text/sound track or separate title hin
084 ## - COLON CLASSIFICATION NUMBER
Classification number NT0a4 152P2;Q5
100 ## - MAIN ENTRY--PERSONAL NAME
Personal name तनेजा, जयदेव
9 (RLIN) 1114941
245 ## - TITLE STATEMENT
Title रंगकर्म और मीडिया
250 ## - EDITION STATEMENT
Edition statement 2 संस्करण
260 ## - PUBLICATION, DISTRIBUTION, ETC.
Place of publication, distribution, etc. नई दिल्ली, भारत:
Name of publisher, distributor, etc. तक्षशिला प्रकाशन,
Date of publication, distribution, etc. 2015.
300 ## - PHYSICAL DESCRIPTION
Extent 320पृ.
365 ## - TRADE PRICE
Price amount 700.00
Currency code INR
650 ## - SUBJECT ADDED ENTRY--TOPICAL TERM
Topical term or geographic name entry element ललित कला
9 (RLIN) 1114942
650 ## - SUBJECT ADDED ENTRY--TOPICAL TERM
Topical term or geographic name entry element थिएटर
9 (RLIN) 1114943
942 ## - ADDED ENTRY ELEMENTS (KOHA)
Source of classification or shelving scheme Colon Classification (CC)
Koha item type Textbook
Edition 2 संस्करण
Classification part NT0a4 152P2;Q5
Suppress in OPAC No
Holdings
Withdrawn status Lost status Source of classification or shelving scheme Damaged status Not for loan Home library Current library Date acquired Source of acquisition Cost, normal purchase price Inventory number Total Checkouts Full call number Barcode Date last seen Price effective from Koha item type
    Colon Classification (CC)     Central Library Central Library 2026-02-10 आई . ओ . ई प्रोजेक्ट बुक्स 700.00 आई . ओ . ई प्रोजेक्ट बुक्स   NT0a4 152P2;Q5 CL1925858 2026-02-10 2026-02-10 Textbook
Copyright @ Delhi University Library System